000 00952nam a22002531u 4500
001 05625
003 HDC
007 cr bn ---aaaaa
008 210120p9999 | d 00 engg
040 _aHDC
100 _aAbul Hassan
_eauthor
_95905
245 0 _aIslamic Marketing Ethics and Its Impact on Customer Satisfaction in the Islamic Banking Industry / by
_cAbul Hassan, Abdelkader Chachi and Salma Abdul Latiff
260 _a[no place] :
_b[publisher not identified],
_c[no year]
300 _a 1 online resource (20 pages)
336 _atext
_2rdacontent
337 _acomputer
_2rdamedia
338 _aonline resource
_2rdacarrier
650 _aislamic banking
_9270
650 _aIslamic Marketing
_9192
856 _zRequest full-text at [email protected]
942 _2lcc
942 _cAR
942 _kJART 001426
999 _c2949
_d2949